[Event "Independence Cup A"]
[Site "Kyiv UKR"]
[Date "2008.08.15"]
[Round "3"]
[White "Matorin,E"]
[Black "Manilyk,A"]
[Result "0-1"]
[WhiteElo "2232"]
[BlackElo "2139"]

1.Nf3 d5 2.c4 c6 3.b3 Bf5 4.g3 Nf6 5.Bg2 e6 6.O-O h6 7.d3 Be7 8.Nbd2 a5 9.Re1 Bh7
10.e4 O-O 11.Bb2 Nbd7 12.cxd5 cxd5 13.e5 Ne8 14.d4 b5 15.Rc1 Qb6 16.Nf1 Nb8
17.Ne3 a4 18.a3 axb3 19.Qxb3 Nc6 20.Bf1 Rb8 21.Bc3 Be4 22.Nd2 Nxd4 23.Bxd4 Qxd4
24.Nxe4 Qxe4 25.Bxb5 Qxe5 26.a4 Nc7 27.Nf5 Qxf5 28.Rxc7 Bd8 29.Rc6 Bb6 30.Re2 Qf6
31.Rec2 Qd4 32.Qa2 Ba5 33.Rc1 Rfd8 34.Qc2 Qf6 35.Qc5 d4 36.Rd1 Bc3 37.Kg2 Rd5
38.Rc8+ Rxc8 39.Qxc8+ Qd8 40.Qc4 Rd6 41.f4 g6 42.Qd3 Qa8+ 43.Qf3 Qxf3+ 44.Kxf3 Kf8
45.Bd3 Rb6 46.Rb1 Rxb1 47.Bxb1 Ke7 48.Ke4 Kd6 49.a5 f5+ 50.Kd3 Bxa5 51.Kxd4 Bb6+
52.Kd3 Bg1 53.Ke2 Bxh2 54.Kf2 Bxg3+ 55.Kxg3 g5 56.Bc2 Ke7 57.Bd1 Kf6 58.Be2 gxf4+
59.Kxf4 e5+ 60.Kg3 Kg5 61.Bd3 h5 62.Bc2 e4 63.Bb1 f4+ 64.Kg2 Kf5 65.Ba2 h4
66.Bc4 f3+ 67.Kh3 e3  0-1

[Event "Jessie Gilbert Celebration Int"]
[Site "Coulsdon ENG"]
[Date "2008.08.16"]
[Round "1"]
[White "Sowray,P"]
[Black "Calvert,D"]
[Result "1-0"]
[WhiteElo "2327"]
[BlackElo "2054"]

1.Nf3 d5 2.c4 c6 3.e3 Nf6 4.Qc2 g6 5.b3 Bg7 6.Bb2 O-O 7.Be2 Nbd7 8.O-O b6
9.Nc3 Bb7 10.d4 Rc8 11.Rfd1 Qc7 12.a4 a5 13.Rac1 Qb8 14.Ba3 Rfe8 15.cxd5 Nxd5
16.Bc4 Nxc3 17.Qxc3 c5 18.Ng5 e6 19.Qd2 cxd4 20.Bb5 Rxc1 21.Rxc1 Qd8 22.exd4 h6
23.Nf3 e5 24.d5 e4 25.Nd4 Bxd5 26.Ne2 Nf6 27.Bxe8 Qxe8 28.Qe3 Qb8 29.h3 Be6
30.Nd4 Bd7 31.Nc6 Qb7 32.Ne5 Be6 33.Nc4 Nd7 34.Bd6 Qd5 35.Bc7 Qd3 36.Nxb6 Qxe3
37.fxe3 Nxb6 38.Bxb6 Bxb3 39.Rc8+ Kh7 40.Bxa5 f5 41.Bc3 Bxc3 42.Rxc3 Bxa4
43.Rc7+ Kg8 44.Ra7 Bb3 45.Kf2 Bf7 46.Ke1 Kg7 47.Kd2 Kf6 48.Kc3 Be8 49.Kd4 Kg5
50.Ke5 Bb5 51.Ra2 h5 52.Rb2 Bf1 53.Rf2 Bb5 54.g3 h4 55.Rg2 hxg3 56.Rxg3+ Kh6
57.Kf6 Be8 58.Rg5 Kh7 59.Rg1 Kg8 60.Rb1  1-0

[Event "Independence Cup A"]
[Site "Kyiv UKR"]
[Date "2008.08.16"]
[Round "4"]
[White "Panchenko,AG"]
[Black "Semenova,L"]
[Result "1-0"]
[WhiteElo "2332"]
[BlackElo "2213"]

1.Nf3 d5 2.c4 dxc4 3.Qa4+ Nc6 4.Qxc4 Nf6 5.Nc3 Be6 6.Qa4 Nd7 7.d4 Nb6 8.Qd1 a6
9.e4 Bg4 10.d5 Ne5 11.Be2 Nxf3+ 12.Bxf3 Bxf3 13.Qxf3 g6 14.h4 Bg7 15.Bf4 Qd7
16.O-O-O Nc4 17.b3 Na3 18.e5 O-O 19.Rhe1 e6 20.h5 Nb5 21.h6 Bh8 22.Ne4 Qe7
23.a4 Qa3+ 24.Kb1 f6 25.Bc1 Qb4 26.axb5 fxe5 27.Qc3 Qxc3 28.Nxc3 exd5 29.bxa6 bxa6
30.Rxd5 Rxf2 31.Re2 Rxe2 32.Nxe2 Re8 33.Rd7 Bf6 34.Bb2 Re7 35.Rxe7 Bxe7 36.Bxe5 c6
37.Kc2 Kf7 38.Kd3 g5 39.Nd4 c5 40.Nf5 Bd8 41.g4 Ke6 42.Ke4 Ba5 43.Ng7+ Kf7
44.Kf5 Bd2 45.Ne6 Be3 46.Bd6  1-0

[Event "Petrovskaya Ladya GM1"]
[Site "Peterhof RUS"]
[Date "2008.08.17"]
[Round "9"]
[White "Vorobjov,D"]
[Black "Zacurdajev,M"]
[Result "0-1"]
[WhiteElo "2256"]
[BlackElo "2400"]

1.Nf3 d5 2.c4 d4 3.b4 f6 4.e3 e5 5.Qb3 c5 6.bxc5 Nc6 7.Be2 Nh6 8.Na3 Bxc5
9.exd4 Bxd4 10.Rb1 O-O 11.Nc2 Nf5 12.d3 Bc5 13.O-O Rb8 14.Ba3 Bxa3 15.Qxa3 Be6
16.Rfd1 Qd7 17.Bf1 Rfd8 18.Rdc1 Bf7 19.Nd2 b6 20.Ne4 Nfd4 21.Nxd4 Nxd4 22.Qa6 Ne6
23.a4 f5 24.Ng3 Nc5 25.Qb5 Qe6 26.a5 Be8 27.Qb4 Nxd3 28.Bxd3 Rxd3 29.c5 b5
30.c6 Bxc6 31.Qc5 Rbd8 32.Re1 f4 33.Nf5 Qxf5 34.Qxc6 f3 35.Qxb5 Qg4  0-1

[Event "8th Abierto Invierno"]
[Site "Villa Ballester ARG"]
[Date "2008.08.17"]
[Round "2"]
[White "De Luca,Ch"]
[Black "Pierrot,F"]
[Result "0-1"]
[WhiteElo "2125"]
[BlackElo "2421"]

1.Nf3 d5 2.c4 c6 3.e3 Nf6 4.b3 Bg4 5.Bb2 Nbd7 6.Be2 e6 7.O-O Bd6 8.Nh4 Bxe2
9.Qxe2 O-O 10.f4 a5 11.cxd5 cxd5 12.Nc3 Nc5 13.Rac1 Re8 14.Nb5 Bf8 15.Nf3 Na6
16.Ne5 Ne4 17.Nd4 g6 18.Ndf3 Bg7 19.d3 Nec5 20.Rfd1 Qe7 21.Ba3 Nb4 22.d4 Ne4
23.Qb5 Nd6 24.Qb6 Ra6 25.Qc7 Qxc7 26.Rxc7 Nb5 27.Bxb4 Nxc7 28.Rc1 Rc8 29.Be7 Raa8
30.Rd1 Ne8 31.Rd2 Rc1+ 32.Kf2 Rac8 33.Ne1 Bf8 34.Bxf8 Kxf8 35.N5d3 R1c7 36.Kf3 Nd6
37.Rb2 Ne4 38.g4 h6 39.a3 Rc3 40.a4 Rxb3  0-1

[Event "5th DA Tan Malaysian Open"]
[Site "Kuala Lumpur MAS"]
[Date "2008.08.18"]
[Round "2"]
[White "Jones,B"]
[Black "Tan,Ju1"]
[Result "1/2-1/2"]
[WhiteElo "2087"]
[BlackElo "2281"]

1.Nf3 d5 2.c4 d4 3.d3 c5 4.e4 Nc6 5.Be2 g6 6.O-O Bg7 7.Ne1 e5 8.Nd2 Nge7
9.Kh1 O-O 10.g3 a5 11.Ng2 Kh8 12.f4 f5 13.Bf3 Nb4 14.Nb3 a4 15.Nxc5 Qa5 16.a3 Nbc6
17.b4 Qa7 18.exf5 gxf5 19.Bd5 Nxd5 20.cxd5 Nd8 21.fxe5 b6 22.Ne6 Nxe6 23.dxe6 Bxe6
24.Nf4 Bb3 25.Qf3 Bxe5 26.Bb2 Rae8 27.Rae1 Qd7 28.Kg1 Kg8 29.Qf2 Qd6 30.Re2  1/2-1/2

[Event "83rd ch-FRA National B"]
[Site "Pau FRA"]
[Date "2008.08.18"]
[Round "7"]
[White "Edouard,R"]
[Black "Govciyan,P"]
[Result "1-0"]
[WhiteElo "2508"]
[BlackElo "2411"]

1.Nf3 d5 2.c4 c6 3.e3 Nf6 4.Nc3 a6 5.b3 Bf5 6.Be2 Nbd7 7.Nh4 Bg6 8.Nxg6 hxg6
9.d4 e6 10.O-O Ne4 11.Nxe4 dxe4 12.g3 Bd6 13.Qc2 f5 14.f4 g5 15.b4 Rc8 16.Qb3 Qf6
17.c5 Qh6 18.Rf2 Be7 19.b5 axb5 20.a4 gxf4 21.exf4 Ra8 22.Ra2 e5 23.axb5 Rb8
24.Be3 exd4 25.Bxd4 Nxc5 26.Qc3 Ne6 27.Ba7 Rc8 28.Qe5 Qf6 29.bxc6 bxc6 30.Bc4 Rh6
31.Be3 Rd8 32.h4 Rg6 33.Kh2 Bd6 34.Qa5 Bc7 35.Qa7 Qe7 36.Rad2 Rh6 37.Kh3 Bd6
38.Qa6 c5 39.Qc6+ Kf8 40.Rd5 Rf6 41.Rfd2 Nd4 42.Bxd4 cxd4 43.R2xd4 Qe8 44.Qb6 Be7
45.Qxd8 Bxd8 46.Rxd8 Qxd8 47.Rxd8+ Ke7 48.Rg8 g6 49.Rg7+ Kd6 50.Rf7  1-0

[Event "44th Rubinstein Mem Open A"]
[Site "Polanica Zdroj POL"]
[Date "2008.08.19"]
[Round "1"]
[White "Gosciniak,M"]
[Black "Stoma,P"]
[Result "1-0"]
[WhiteElo "2096"]
[BlackElo "2294"]

1.Nf3 d5 2.c4 c6 3.b3 Nf6 4.Bb2 Bf5 5.g3 e6 6.Bg2 Qb6 7.Bxf6 gxf6 8.O-O Nd7
9.d4 dxc4 10.bxc4 Qb2 11.Nbd2 Bc2 12.Qc1 Ba3 13.Qxb2 Bxb2 14.Rae1 Nb6 15.c5 Na4
16.Nc4 Ke7 17.Nxb2 Nxb2 18.Rc1 Bg6 19.Nh4 Na4 20.Nxg6+ hxg6 21.Rc4 b5 22.cxb6 Nxb6
23.Rxc6 Rac8 24.Rfc1 Kd7 25.e3 Rxc6 26.Bxc6+ Kd6 27.Bb5 Rc8 28.Rxc8 Nxc8
29.h4 f5 30.f3 Ke7 31.Kf2 Nd6 32.Bd3 Kf6 33.g4 Nc8 34.e4 fxg4 35.fxg4 e5
36.Ke3 Nd6 37.h5 exd4+ 38.Kxd4 Kg5 39.hxg6 fxg6 40.e5 Nc8 41.Be2 Ne7 42.Kc5 Kf4
43.Kd6 Nc8+ 44.Kc7 Ne7 45.Kd7  1-0

[Event "8th Savaria Summer IM"]
[Site "Szombathely HUN"]
[Date "2008.08.20"]
[Round "7"]
[White "Rachela,M"]
[Black "Rapport,R"]
[Result "1/2-1/2"]
[WhiteElo "2338"]
[BlackElo "2275"]

1.Nf3 d5 2.c4 dxc4 3.Na3 a6 4.Nxc4 b5 5.Ne3 Bb7 6.a4 Nd7 7.d4 e6 8.g3 c5
9.axb5 cxd4 10.Qxd4 axb5 11.Rxa8 Qxa8 12.Bg2 Ngf6 13.O-O Be7 14.Bd2 O-O 15.Bb4 Bxb4
16.Qxb4 Qa4 17.Qd6 h6 18.h4 Rc8 19.b3 Qa7 20.Rd1 Qc5 21.Qf4 Qc7 22.Qxc7 Rxc7
23.Nd4 Bxg2 24.Kxg2 e5 25.Nxb5 Rb7 26.Nd6 Rxb3 27.Rc1 g6 28.Rc8+ Kg7 29.Rc7 Rb2
30.Nd5 Nxd5 31.Rxd7 Rxe2 32.Nxf7 Nf6 33.Ra7 e4 34.Ne5+ Kg8 35.Kf1 Rc2 36.Ke1 g5
37.hxg5 hxg5 38.Rf7 Rc5 39.Rxf6 Rxe5 40.Ke2 Kg7 41.Rd6 Ra5 42.Ke3 Ra2 43.Re6 Kf7
44.Rxe4 Kf6 45.Rd4 Ke5 46.Rc4 Ra3+ 47.Ke2 Kf5 48.f3 Rb3 49.Rd4 Ke5 50.Rd3 Rb5
51.Ke3 Ra5 52.g4 Ra4 53.Rb3 Ra5 54.Kf2 Ra2+ 55.Kg3 Ra5 56.Re3+ Kf6 57.Re8 Ra2
58.Rf8+ Kg6 59.Rf5 Rb2 60.Ra5 Rc2 61.Ra6+ Kg7 62.Re6 Ra2 63.Re1 Kf6 64.Rf1 Ke5
65.Rf2 Rxf2 66.Kxf2 Kf6 67.Kg3 Ke5 68.Kg2 Ke6 69.Kf1 Kf7 70.Ke2 Ke6 71.Ke3 Ke5
72.Kd3 Kd5 73.Kc3 Ke5 74.Kd2 Kd6 75.Kc1 Ke5 76.Kd1 Kd5 77.Ke1 Ke5 78.Kf1 Ke6
79.Ke2 Kd6 80.Kd2 Ke6 81.Ke3 Ke5 82.Kd3 Kd5 83.Kc3 Ke5  1/2-1/2

[Event "XIII Konik Morski Open A"]
[Site "Rewal POL"]
[Date "2008.08.21"]
[Round "2"]
[White "Malczyk,Rad"]
[Black "Szymanowska,L"]
[Result "0-1"]
[WhiteElo "2094"]
[BlackElo "1932"]

1.Nf3 d5 2.c4 dxc4 3.Na3 Nf6 4.Nxc4 c6 5.g3 Bg4 6.Bg2 e6 7.O-O Be7 8.Rb1 Nbd7
9.d3 Nb6 10.Nfe5 Nxc4 11.Nxc4 Nd5 12.h3 Bh5 13.g4 Bg6 14.Qb3 Qc7 15.e4 Nb6
16.f4 Bc5+ 17.Ne3 h5 18.Qc3 Qd6 19.b4 Bd4 20.Qb3 hxg4 21.hxg4 Rh4 22.e5 Qe7
23.Rf2 Nd5 24.Nxd5 cxd5 25.Qa4+ Kf8 26.b5 Bxf2+ 27.Kxf2 Kg8 28.Ba3 Qd8 29.Kg3 Rh7
30.Rb3 Qb6 31.d4 Bc2 32.Bc5 Bxb3 33.Qxb3 Qa5 34.a4 Qe1+ 35.Kf3 Qe4+ 36.Kg3 Qe1+
37.Kf3 Rh2 38.Qc2 b6 39.Bd6 Qe4+ 40.Qxe4 dxe4+ 41.Kg3 Rxg2+ 42.Kxg2 Rc8 43.Kf2 Rc4
44.Ke3 Rxa4  0-1

[Event "8th Abierto Invierno"]
[Site "Villa Ballester ARG"]
[Date "2008.08.22"]
[Round "5"]
[White "Fulgenzi,E"]
[Black "Calderon Fernandez,G"]
[Result "1-0"]
[WhiteElo "2358"]
[BlackElo "2303"]

1.Nf3 d5 2.c4 c6 3.b3 Bf5 4.Bb2 Nd7 5.g3 Ngf6 6.Bg2 e6 7.O-O Bd6 8.d3 Qe7
9.cxd5 cxd5 10.Nd4 O-O 11.Nxf5 exf5 12.Nc3 Nb6 13.Nb5 Rfe8 14.Nxd6 Qxd6 15.Qd2 Nbd7
16.Rac1 h6 17.Rc2 Re7 18.Rfc1 Rae8 19.Rc8 Qb6 20.Rxe8+ Rxe8 21.Rc2 Re6 22.Bh3  1-0

[Event "Open A"]
[Site "Vladimir RUS"]
[Date "2008.08.22"]
[Round "10"]
[White "Orlov,O2"]
[Black "Stukopin,A"]
[Result "1/2-1/2"]
[WhiteElo "2315"]
[BlackElo "2277"]

1.Nf3 d5 2.c4 dxc4 3.Qa4+ Nd7 4.Qxc4 e5 5.d3 h6 6.g3 Ngf6 7.Bg2 Bd6 8.O-O O-O
9.b3 c6 10.Bb2 Re8 11.Nbd2 Nb6 12.Qc2 Bf5 13.Rad1 Qe7 14.Rfe1 Bh7 15.e4 Rad8
16.a4 Qc7 17.Qc3 Nfd7 18.a5 Nc8 19.Nc4 Kh8 20.Bh3 f6 21.b4 Nf8 22.d4 exd4
23.Rxd4 Ne6 24.Rd2 Bf8 25.Rxd8 Qxd8 26.e5 f5 27.Ne3 g6 28.Rd1 Qe7 29.Rd6 Bg7
30.Rd1 Rd8 31.Rxd8+ Qxd8 32.a6 Qd7 33.axb7 Qxb7 34.Nc4 c5 35.bxc5 Nxc5 36.Na5 Qc7
37.Bf1 Nb6 38.Ba3  1/2-1/2

[Event "U16 Olympiad"]
[Site "Mersin TUR"]
[Date "2008.08.23"]
[Round "8"]
[White "Bregadze,L"]
[Black "Petenyi,T"]
[Result "1-0"]
[WhiteElo "2399"]
[BlackElo "2288"]

1.Nf3 d5 2.c4 d4 3.e3 Nc6 4.b4 Bg4 5.Qa4 Bxf3 6.gxf3 e5 7.c5 a6 8.Na3 Ne7
9.Nc4 f6 10.Na5 d3 11.Nxb7 Qb8 12.Na5 Qxb4 13.Qxb4 Nxb4 14.Rb1 Ned5 15.a3 Nc2+
16.Kd1 Bxc5 17.Bxd3 Nxa3 18.Bxa3 Bxa3 19.Be4 Rd8 20.Rb3 Bf8 21.Nb7 Rd7 22.Ke2 g6
23.Rc1 Be7 24.Bxd5 Rxd5 25.Rxc7 Kf7 26.Rb6 Ra8 27.e4 Rd4 28.Na5 Re8 29.Nc6 Rd6
30.Rxa6 Ke6 31.d4 exd4 32.Kd3 g5 33.Nxd4+ Ke5 34.Ra5+  1-0

[Event "44th Rubinstein Mem Open A"]
[Site "Polanica Zdroj POL"]
[Date "2008.08.23"]
[Round "5"]
[White "Mickiewicz,P"]
[Black "Adamowicz,K"]
[Result "1-0"]
[WhiteElo "2347"]
[BlackElo "2063"]

1.Nf3 d5 2.c4 c6 3.b3 Nf6 4.Bb2 g6 5.e3 Bg7 6.Be2 O-O 7.O-O b6 8.d3 Nbd7
9.Nbd2 Bb7 10.Rc1 c5 11.Rc2 Rc8 12.Qa1 Ne8 13.cxd5 Bxd5 14.Rfc1 Bxb2 15.Qxb2 Nd6
16.d4 Bb7 17.b4 cxd4 18.Rxc8 Nxc8 19.Qxd4 Nd6 20.e4 Nb8 21.e5 Nf5 22.Qf4 Nc6
23.Nb3 a5 24.g4 Ng7 25.Qh6 Ne6 26.b5 Nb4 27.Nbd4 Bxf3 28.Nxf3 Nxa2 29.Rc6 Nd4
30.Ng5 Nxe2+ 31.Kg2 Qd5+ 32.f3 Nf4+ 33.Kg3 Nh5+ 34.Kh4  1-0

[Event "8th Open"]
[Site "Velika Gorica CRO"]
[Date "2008.08.24"]
[Round "3"]
[White "Hibner,B"]
[Black "Cacic,M"]
[Result "1/2-1/2"]
[WhiteElo "2080"]
[BlackElo "1631"]

1.Nf3 d5 2.c4 e6 3.g3 Nf6 4.Bg2 c6 5.O-O Bd6 6.Nc3 O-O 7.d3 Nbd7 8.e4 dxe4
9.dxe4 Qc7 10.Qc2 b6 11.Bg5 h6 12.Bxf6 Nxf6 13.e5 Bxe5 14.Nxe5 Qxe5 15.Bxc6 Rb8
16.Bf3 Bb7 17.Rfe1 Qc7 18.Bxb7 Rxb7 19.Ne4 Nxe4 20.Qxe4 Rbb8 21.b4 Rbc8 22.Rac1 Rfd8
23.Qe3 Qd7 24.c5 Qb5 25.cxb6 axb6 26.a3 Rxc1 27.Rxc1 Rd3 28.Rc8+ Kh7 29.Qe4+ g6
30.Kg2 Rxa3 31.Rc7 Kg7 32.Qxe6 Qf5 33.Qxf5 gxf5 34.Rc6 Rb3 35.Rxb6 Rb2 36.Kf3 f6
37.Rb8 Kf7 38.Rb6 Kg7 39.Rb7+ Kg6 40.h4 h5 41.Rb5 Rb3+ 42.Kf4 Rb2 43.f3 Rb3
44.Rb7 Rb2 45.Ke3 Rb3+ 46.Kf4 Rb2 47.Rb8 Rb3 48.Rg8+ Kf7 49.Rb8 Kg6 50.Rb6 Rb2
51.Rb5 Rb3 52.g4 fxg4 53.fxg4 hxg4 54.Kxg4 Rb1 55.h5+ Kh6 56.Kf5 Rf1+ 57.Ke6 Rf4
58.Kd6 f5 59.Rb8 Kxh5 60.Ke5 Rf1 61.b5 f4 62.Ke4 Kg4 63.Rg8+ Kh3 64.b6 Rb1
65.Rg6 Rb4+ 66.Kf3 Kh4  1/2-1/2

[Event "8th Open"]
[Site "Velika Gorica CRO"]
[Date "2008.08.24"]
[Round "3"]
[White "Raguz,Dari"]
[Black "Fernandez Quintero,J"]
[Result "1-0"]
[WhiteElo "2124"]
[BlackElo "1958"]

1.Nf3 d5 2.c4 Nf6 3.g3 c6 4.Qc2 dxc4 5.Qxc4 Be6 6.Qc2 g6 7.Bg2 Bg7 8.O-O O-O
9.Nc3 Na6 10.d3 Nb4 11.Qa4 a5 12.Ng5 Bd7 13.a3 b5 14.Qb3 Nbd5 15.Nxd5 Nxd5
16.Bxd5 cxd5 17.Qxd5 h6 18.Nf3 Qc8 19.Ne5 Be6 20.Qe4 Bf5 21.Qe3 Bh3 22.Re1 Qb7
23.f3 Qd5 24.d4 f6 25.Nxg6 Rae8 26.Nxe7+ Rxe7 27.Qxe7 f5 28.Qh4 Bxd4+ 29.e3 Bg4
30.fxg4 Qf3 31.exd4 fxg4 32.Bf4 Rc8 33.Qxh6 Qb7 34.Qg6+  1-0

[Event "8th Abierto Invierno"]
[Site "Villa Ballester ARG"]
[Date "2008.08.24"]
[Round "7"]
[White "De Luca,Ch"]
[Black "Valli,A"]
[Result "1/2-1/2"]
[WhiteElo "2125"]
[BlackElo "2008"]

1.Nf3 d5 2.c4 dxc4 3.e3 Nf6 4.Bxc4 g6 5.Ne5 e6 6.b3 Nbd7 7.f4 Bg7 8.Bb2 Nxe5
9.Bxe5 Bd7 10.O-O Bc6 11.a4 a6 12.Na3 O-O 13.Be2 Ne4 14.Bxg7 Kxg7 15.Ra2 Bd5
16.Bf3 Nc5 17.Rb2 Bxf3 18.Qxf3 Qd5 19.Qxd5  1/2-1/2

[Event "X Sants Open"]
[Site "Barcelona ESP"]
[Date "2008.08.26"]
[Round "5"]
[White "Sundararajan,K"]
[Black "Sumets,A"]
[Result "1-0"]
[WhiteElo "2446"]
[BlackElo "2534"]

1.Nf3 d5 2.c4 c6 3.e3 Nf6 4.Nc3 a6 5.d4 Bg4 6.Qb3 Ra7 7.Ne5 Be6 8.cxd5 Nxd5
9.e4 Nxc3 10.Qxc3 Nd7 11.Be3 Ra8 12.Bd3 Nxe5 13.dxe5 g6 14.O-O Bg7 15.f4 f5
16.Bc4 Qc8 17.Rad1 O-O 18.Bc5 Re8 19.exf5 gxf5 20.Rf3 Kh8 21.Rfd3 b5 22.Bb3 a5
23.a3 a4 24.Bxe6 Qxe6 25.Rd7 Bf8 26.R1d3 Rac8 27.Rg3 h6 28.Qd3 Bg7 29.Rh3 Qf7
30.Re3 Qe6 31.h3 Bf8 32.g4 fxg4 33.f5 Qc4 34.Qxc4 bxc4 35.hxg4 Red8 36.e6 Kg7
37.Bxe7 Bxe7 38.Rxe7+ Kf6 39.Rf7+ Kg5 40.e7 Re8 41.Rg7+ Kf4 42.Re1 Rb8 43.f6  1-0

[Event "1st Dragon Capital Vietnam Open"]
[Site "Vung Tau VIE"]
[Date "2008.08.27"]
[Round "1"]
[White "Nguyen Ngoc Truong Son"]
[Black "Nguyen Duc Hoa"]
[Result "1-0"]
[WhiteElo "2579"]
[BlackElo "2319"]

1.Nf3 d5 2.c4 c6 3.e3 Nf6 4.Nc3 e6 5.b3 Be7 6.Bb2 O-O 7.Qc2 c5 8.Bd3 Nc6
9.a3 a6 10.Ne2 b5 11.Ng5 h6 12.h4 e5 13.cxd5 Qxd5 14.Nc3 Qd7 15.Bh7+ Kh8
16.f3 Ra7 17.g4 Rc7 18.Ne2 Qd5 19.Ng3 Na5 20.Rb1 Nxb3 21.Bf5 Bxf5 22.Nxf5 c4
23.d4 exd4 24.Nxd4 Nc5 25.Rd1 Rd7 26.e4 Qe5 27.Nf5 Qc7 28.e5 Rxd1+ 29.Kxd1 Nd5
30.e6 f6 31.Nf7+ Kg8 32.N5xh6+  1-0

[Event "X Sants Open"]
[Site "Barcelona ESP"]
[Date "2008.08.28"]
[Round "7"]
[White "Lubczynski,R"]
[Black "Sumets,A"]
[Result "1/2-1/2"]
[WhiteElo "2414"]
[BlackElo "2534"]

1.Nf3 d5 2.c4 c6 3.e3 Nf6 4.Qc2 g6 5.b3 Bg7 6.Bb2 O-O 7.Be2 Bf5 8.d3 Na6
9.a3 Rc8 10.Nbd2 Nc5 11.Nd4 Bg4 12.N2f3 Ne6  1/2-1/2

[Event "16th Nikea Open"]
[Site "Athens GRE"]
[Date "2008.08.30"]
[Round "6"]
[White "Sienczewski,Z"]
[Black "Sverkounos,S"]
[Result "0-1"]
[WhiteElo "2113"]
[BlackElo "1954"]

1.Nf3 d5 2.c4 c6 3.b3 Bf5 4.g3 Nf6 5.Bg2 e6 6.O-O Be7 7.Bb2 Na6 8.d3 O-O
9.Nbd2 Nc5 10.b4 Ncd7 11.Qb3 Qc7 12.Nh4 Bg6 13.Nxg6 hxg6 14.e4 a5 15.a3 axb4
16.axb4 Nb6 17.Rxa8 Rxa8 18.Ra1 Rxa1+ 19.Bxa1 dxc4 20.Nxc4 Nxc4 21.Qxc4 Qb6
22.Bc3 Ng4 23.d4 Nf6 24.h3 Ne8 25.Kh2 Nd6 26.Qc5 Nc8 27.Qxb6 Nxb6 28.Bf1 Na4
29.Bd2 Bf6 30.e5 Be7 31.b5 Nb6 32.Ba5 Nd5 33.b6 Bb4 34.Bxb4 Nxb4 35.h4 Kf8
36.Kh3 Ke7 37.Kg4 Kd7 38.Kg5 Nc2 39.d5 cxd5 40.Bb5+ Kd8 41.f4 Na3 42.Bd3 Nc4
43.g4 Nxb6 44.f5 exf5 45.gxf5 gxf5 46.Bxf5 Nc4 47.Kf4 b5 48.Bg4 b4 49.Bf3 Nb6
50.Ke3 Kd7 51.Kd4 b3 52.Kc5 b2 53.Bg4+ Ke7 54.Bf5 Nc4  0-1

[Event "16th Nikea Open"]
[Site "Athens GRE"]
[Date "2008.08.30"]
[Round "7"]
[White "Delithanasis,D"]
[Black "Papamichael,G"]
[Result "1-0"]
[WhiteElo "2228"]
[BlackElo "1860"]

1.Nf3 d5 2.c4 e6 3.d4 c6 4.Bg5 Qa5+ 5.Nbd2 Nd7 6.e3 Bd6 7.a3 h6 8.b4 Qc7
9.Bh4 g5 10.Bg3 f5 11.cxd5 exd5 12.Bd3 Ndf6 13.Ne5 Ne7 14.h4 g4 15.h5 O-O
16.Bf4 Kg7 17.Qc2 Be6 18.f3 Nd7 19.Qb2 Nxe5 20.dxe5  1-0

[Event "XXV Open"]
[Site "Collado Villalba ESP"]
[Date "2008.08.30"]
[Round "9"]
[White "Baigorri Navarro,F"]
[Black "Serrano Salvador,E"]
[Result "1/2-1/2"]
[WhiteElo "2178"]
[BlackElo "2341"]

1.Nf3 d5 2.c4 d4 3.d3 Nc6 4.g3 e5 5.Bg2 Bb4+ 6.Bd2 a5 7.O-O h6 8.e3 Nf6 9.exd4 exd4
10.Re1+ Be7 11.Ne5 Nxe5 12.Rxe5 c6 13.Qe1  1/2-1/2

[Event "Open A"]
[Site "Graz SUI"]
[Date "2008.08.30"]
[Round "1"]
[White "Hess,C1"]
[Black "Vilits,A"]
[Result "1/2-1/2"]
[WhiteElo "2235"]
[BlackElo "2037"]

1.Nf3 d5 2.c4 e6 3.g3 g6 4.Bg2 Bg7 5.O-O c5 6.cxd5 exd5 7.d4 cxd4 8.Nxd4 Nc6
9.Nxc6 bxc6 10.e4 Be6 11.exd5 cxd5 12.Nc3 Nf6 13.Qa4+ Qd7 14.Qxd7+ Kxd7 15.Rd1 Rhd8
16.Bg5 Ke8 17.Nb5 Rd7 18.Rac1 Rb8 19.Nc7+ Kf8 20.Nxe6+ fxe6 21.b3 Ne8 22.Rc6 Rb6
23.Rxb6 axb6 24.a4 Nc7 25.Rc1 h6 26.Bd2 g5 27.Rc6 Bd4 28.Be3 Be5 29.Rxb6 Bc3
30.Bc5+ Kf7 31.Rd6 Ke8 32.Bf1 Rxd6 33.Bxd6 Kd7 34.Bf8 h5 35.Bd3 e5 36.Bf5+ Kc6
37.Kf1 Na6 38.Bg6 h4 39.Be8+ Kb6 40.Be7 hxg3 41.hxg3 Nc5 42.Bd8+ Kb7 43.Bxg5 Nxb3
44.Bf6 Nd2+ 45.Kg2 Ne4 46.Bg7 Kb6 47.g4 Kc7 48.Bb5 Kd6 49.f3 Ng5 50.Bf8+ Kc7
51.Bh6 Ne6 52.Bc1 Nd4 53.Bd3 Kd7 54.Ba3 Ke6 55.Bc5 Kf6 56.Bb6 Nb3 57.Bd8+ Kg7
58.g5 Nc5 59.Bf6+ Kf7 60.Bb5 Ne6 61.Kg3 Nf8 62.Kg4 Nh7 63.Kf5 Nxf6 64.gxf6 e4
65.fxe4 dxe4 66.Bc4+ Kf8 67.Ke6 e3 68.Kf5 Ba5 69.Be2 Bb6 70.Ke5 Ba5 71.Bc4 Bd8
72.Ke6 Ba5 73.Bd3 Bd8 74.Kf5 Ba5 75.Bc4 Bd8 76.Ke6 Ba5 77.f7 Bb4 78.Kd7 e2
79.Bxe2 Kxf7  1/2-1/2

[Event "2nd Open"]
[Site "Urumia IRI"]
[Date "2008.08.30"]
[Round "8"]
[White "Bajarani,U"]
[Black "Khaghani,B"]
[Result "1-0"]
[WhiteElo "2201"]
[BlackElo "2319"]

1.Nf3 d5 2.c4 c6 3.g3 Nf6 4.Bg2 Bg4 5.Ne5 Bf5 6.cxd5 cxd5 7.Qa4+ Nbd7 8.Nc3 e6
9.g4 Bc2 10.Nxf7 Kxf7 11.Qxc2 Nxg4 12.Nxd5 Qh4 13.Qc7 Qxf2+ 14.Kd1 Ke8 15.Qxb7 Rb8
16.Nc7+ Kd8 17.Nxe6+ Ke7 18.Qf3 Qxf3 19.Bxf3 Nf2+ 20.Ke1 Nxh1 21.Nd4 Ne5
22.Bxh1 Rb4 23.Nf3 Ke6 24.b3 Bd6 25.Bb2 Nxf3+ 26.Bxf3 Bxh2 27.Rc1 Rg8 28.Rc5 Kd7
29.Ra5 Bb8 30.Bd5 Re8 31.Bc4 Rxc4 32.bxc4 g6 33.Rg5 Bf4 34.Rg2 Ke6 35.e3 Bd6
36.Ke2 Kf5 37.d3 g5 38.e4+ Kg6 39.Bc1 h6 40.Be3 Rb8 41.c5 Be7 42.d4 Rb4 43.Kd3 Ra4
44.Rc2 Ra3+ 45.Ke2 Bd8 46.d5 g4 47.c6 Bc7 48.Bc5 Ra6 49.Be7  1-0

[Event "7th Open"]
[Site "Izmir TUR"]
[Date "2008.08.31"]
[Round "3"]
[White "Sengul,C"]
[Black "Sulashvili,M"]
[Result "1/2-1/2"]
[WhiteElo "2146"]
[BlackElo "2499"]

1.Nf3 d5 2.c4 e6 3.g3 Nf6 4.Bg2 Be7 5.O-O O-O 6.b3 c6 7.Bb2 b6 8.d3 Bb7 9.Nbd2 c5
10.cxd5 exd5 11.d4 Nbd7 12.Rc1 Re8 13.Nb1 Ne4 14.Nc3 Bf6 15.Rc2 Nxc3 16.Bxc3 Rc8
17.dxc5 Bxc3 18.Rxc3 bxc5 19.e3 Qa5 20.Qa1 Nf6 21.Nd2 Ba6 22.Rfc1 Qb6 23.Bh3 Rc7
24.Qb1 Bc8 25.Bg2 Be6 26.Qb2 a5 27.Qa3 Rec8 28.Nf3 h6 29.h3 Bf5 30.Nd2 h5
31.Re1 Be6 32.Qc1 Qb4 33.Qa1 Ne8 34.Rec1 d4 35.exd4 cxd4 36.Rxc7 Rxc7 37.Rxc7 Nxc7
38.Qd1 g6 39.Nf3 Nb5 40.Kh2 Qc3 41.Ng5 Nd6 42.Nxe6 fxe6 43.Qe2 Kf7 44.Qe5 Nf5
45.g4 hxg4 46.hxg4 Ne7 47.g5 Qd2 48.Qf6+ Ke8 49.Bh3 e5 50.Qh8+ Kf7 51.Qf6+ Ke8
52.Qh8+ Kf7 53.Qf6+ Ke8 54.Kg2 Qf4  1/2-1/2

[Event "2nd Open"]
[Site "Urumia IRI"]
[Date "2008.08.31"]
[Round "9"]
[White "Agayev,N"]
[Black "Khalili,S"]
[Result "1-0"]
[WhiteElo "2281"]
[BlackElo "2149"]

1.Nf3 d5 2.c4 c6 3.b3 Nf6 4.Bb2 Bf5 5.g3 e6 6.Bg2 Nbd7 7.O-O Bd6 8.d3 Qc7
9.Nc3 O-O 10.Re1 e5 11.cxd5 Nxd5 12.Nd2 Nxc3 13.Bxc3 Rad8 14.Nc4 Bc5 15.b4 Bd4
16.Bxd4 exd4 17.Rc1 Nf6 18.Qb3 Be6 19.b5 cxb5 20.Qxb5 Nd5 21.Qb2 Nc3 22.e3 Bxc4
23.dxc4 Na4 24.Qxb7 Qxb7 25.Bxb7 Nc5 26.Rb1 Rb8 27.Bd5 d3 28.Kf1 Rfd8 29.Red1 Kf8
30.Ke1 f5 31.f3 a5 32.Kd2 a4 33.Kc3 a3 34.Kd4 Rbc8 35.Rb5 Na4 36.Rxd3 Nb2
37.Rc3  1-0

[Event "16th Nikea Open"]
[Site "Athens GRE"]
[Date "2008.09.01"]
[Round "9"]
[White "Managadze,N"]
[Black "Dobrev,Nan"]
[Result "1-0"]
[WhiteElo "2444"]
[BlackElo "2423"]

1.Nf3 d5 2.c4 e6 3.e3 Nf6 4.b3 c5 5.Bb2 Nc6 6.cxd5 Nxd5 7.Nc3 Nf6 8.Be2 Be7
9.O-O O-O 10.Rc1 b6 11.d4 cxd4 12.Nb5 d3 13.Bxd3 Nb4 14.Bb1 Ba6 15.Qe2 Qd5
16.Nfd4 Bc5 17.Rfd1 Nxa2 18.Rc4 Rad8 19.Bd3 Bb7 20.Nf3 Qh5 21.Bxf6 Rxd3 22.Rxd3 Nb4
23.Bc3 Nxd3 24.Qxd3 Be7 25.Rc7 Bxf3 26.gxf3 a6 27.Na7 h6 28.Qd4 Qg6+ 29.Qg4 Bg5
30.h4 Rd8 31.hxg5 Rd1+ 32.Kh2 Rd5 33.Nc6  1-0

[Event "Autumn-1"]
[Site "Alushta UKR"]
[Date "2008.09.02"]
[Round "1"]
[White "Iljin,T"]
[Black "Khudiakov,A"]
[Result "1-0"]
[WhiteElo "2408"]
[BlackElo "2164"]

1.Nf3 d5 2.c4 c6 3.g3 Nf6 4.Bg2 Bg4 5.Ne5 Bh5 6.cxd5 cxd5 7.Nc3 e6 8.Qa4+ Nbd7
9.g4 Bg6 10.h4 Bd6 11.d4 h6 12.Nxg6 fxg6 13.Qc2 Nf8 14.e4 dxe4 15.g5 hxg5
16.hxg5 Rxh1+ 17.Bxh1 Nd5 18.Bxe4 Nf4 19.Be3 Qxg5 20.O-O-O Qe7 21.Kb1 Kf7
22.d5 e5 23.Nb5 b6 24.a3 Rd8 25.Rg1 a6 26.Bxf4 exf4 27.Bxg6+ Nxg6 28.Qxg6+ Kg8
29.Nd4 Be5 30.Nc6  1-0

[Event "Open"]
[Site "Herzliya ISR"]
[Date "2008.09.02"]
[Round "1"]
[White "Kneler,B"]
[Black "Haimovich,T"]
[Result "0-1"]
[WhiteElo "2097"]
[BlackElo "2425"]

1.Nf3 d5 2.c4 c6 3.b3 Bg4 4.Ne5 Bf5 5.d4 e6 6.Nd2 Nf6 7.e3 Bb4 8.Bd3 Bxd3
9.Nxd3 Bd6 10.Bb2 O-O 11.f4 Nbd7 12.Qf3 Qa5 13.c5 Be7 14.b4 Qb5 15.Qe2 a5
16.a4 Qa6 17.bxa5 Qxa5 18.O-O Ra7 19.Ra3 b6 20.Bc3 Qa6 21.cxb6 Nxb6 22.Ra2 Nxa4
23.Nb1 Ne4 24.Bb4 Bxb4 25.Nxb4 Qxe2 26.Rxe2 c5 27.dxc5 Naxc5 28.Nc6 Ra6 29.Nd4 Rb8
30.Rc2 h5 31.g3 Rb4 32.Nc3 Rc4 33.Nxe4 Nxe4 34.Rb2 Ra3 35.Re1 Rcc3 36.Rbe2 Rd3
37.Nc2 Ra2 38.Nb4 Rxe2 39.Rxe2 Rb3 40.Nc6 Kf8 41.Kg2 f6 42.Nd4 Rb6 43.Rc2 Kf7
44.Rc7+ Kg6 45.Rc6 Rxc6 46.Nxc6 Nd2 47.Kf2 Nc4 48.Ke2 Kf7 49.Kd3 Nd6 50.Ke2 Ke8
51.Kf3 Kd7 52.Nd4 e5 53.fxe5 fxe5 54.Ne2 Ke6 55.Nc3 Nc4 56.Ne2 Kf5 57.h3 Nd2+
58.Kf2 g5 59.Nc3 Ne4+ 60.Nxe4 Kxe4 61.g4 hxg4 62.hxg4 Kd3  0-1